000 00756nam a2200241 4500
003 OSt
005 20260530113915.0
008 260507b2007 mx a|||| |||| 00| 0 spa d
040 _aICI
_bspa
_cICI
041 _aspa
100 _eautor
245 _aGeometrías de la imaginación :
_bQuerétaro, diseño e iconografía.
250 _aEdición 2007.
264 _aMéxico
300 _a176 páginas :
336 _2rdacontent
_atexto
337 _2rdamedia
_asin medio
338 _2rdacarrier
_avolumen
500 _aObra sobre diseño, identidad visual e iconografía aplicada al contexto cultural queretano
650 _aGraphic design
_zMexico
_933914
700 _aUniversidad Autónoma de Querétaro,
_eeditor.
_933915
942 _2lcc
_cBK
_n1
999 _c12243
_d12243